ბათუმის შოთა რუსთაველის სახელმწიფო უნივერსიტეტის ბიბლიოთეკა

ქართული ენის გაკვეთილები მე-3 კლასში : (ბიბ.ჩანაწერი № 53397)

000 -ლიდერი
ფიქსირებული სიგრძის საკონტროლო ველი 01587nam a2200265Ia 4500
001 - საკონტროლო ნომერი
საკონტროლო ველი 20440
003 - საკონტროლო ნომრის იდენტიფიკატორი
საკონტროლო ველი GE_BSU
005 - ბოლო ოპერაციის თარიღი და დრო
საკონტროლო ველი 20201128225510.0
008 - ფიქსირებული სიგრძის მონაცემთა ელემენტები - ზოგადი ინფორმაცია
ფიქსირებული სიგრძის საკონტროლო ველი 181216s1980||||ge |||||||||||||| ||geo||
040 ## - კატალოგიზაციის წყარო
Transcribing agency GE_BSU
041 ## - ენის კოდი
Language code of text/sound track or separate title geo
080 ## - უნივერსალური ათობითი კლასიფიკაციის ინდექსი
Universal Decimal Classification number 811.353.1(072) ქ-27
245 ## - ცნობა სათაურის შესახებ
Title ქართული ენის გაკვეთილები მე-3 კლასში :
Remainder of title მეთოდ. რეკომენდაციები მასწ. დასახმ. /
Statement of responsibility, etc ვ. რამიშვილი, მ. ჩინჩალაძე, ტ. სულაბერიძე, ნ. მაღლაკელიძე ; ვ. რამიშვილის საერთო რედაქციით. ვ. რამიშვილის საერთო რედ.
264 ## - წარმოების, გამოცემის, დისტრიბუციის და სხვა ცნობები
გამოცემის, წარმოების, დისტრიბუციის... ადგილი თბილისი :
გამოცემის, წარმოების, დისტრიბუციის... სახელწოდება განათლება,
გამოცემის, წარმოების, დისტრიბუციის... თარიღი 1987.
300 ## - ფიზიკური აღწერა
Extent 220 გვ. ;
Dimensions 20 სმ.
653 ## - INDEX TERM--UNCONTROLLED
Uncontrolled term ქართული ენა
653 ## - INDEX TERM--UNCONTROLLED
Uncontrolled term ქართული ენის გაკვეთილები მე-3 კლასში
700 ## - ADDED ENTRY--PERSONAL NAME
Personal name რამიშვილი, ვ.
Relator term ავტორი
9 (RLIN) 6912
700 ## - ADDED ENTRY--PERSONAL NAME
Personal name ჩინჩალაძე, მ.
Relator term ავტორი
9 (RLIN) 9785
700 ## - ADDED ENTRY--PERSONAL NAME
Personal name სულაბერიძე, ტ.
Relator term ავტორი
9 (RLIN) 9557
700 ## - ADDED ENTRY--PERSONAL NAME
Personal name მაღლაკელიძე, ნ.
Relator term ავტორი
9 (RLIN) 9786
700 ## - ADDED ENTRY--PERSONAL NAME
Personal name რამიშვილი, ვ.
Relator term რედაქტორი
9 (RLIN) 6912
942 ## - ADDED ENTRY ELEMENTS (KOHA)
Koha item type წიგნი
Source of classification or shelving scheme
ეგზემპლარები
ჩამოწერის სტატუსი დაკარგული ეგზემპლარის სტატუსი კლასიფიკაციის წყარო ან თაროზე გაწყობის სქემა დაზიანების სტატუსი არ გაიცემა მუდმივი მდებარეობა (დაცვის ადგილი) ამჟამინდელი ადგილსამყოფელი თაროზე განთავსების ადგილი შეძენის თარიღი ღირებულება, შესყიდვის ნორმალური ფასი სრული შენახვის შიფრი შტრიხკოდი ბოლო ოპერაციის თარიღი ეგზემპლარის მიმდევრობითი ნომერი (კეტერი?) ფასის ძალაში შესვლის თარიღი ეგზემპლარის სახეობა საჯარო შენიშვნა
          ბათუმის შოთა რუსთაველის სახელმწიფო უნივერსიტეტის მთავარი ბიბლიოთეკა ბათუმის შოთა რუსთაველის სახელმწიფო უნივერსიტეტის მთავარი ბიბლიოთეკა წიგნსაცავი 2018-12-17 0.80 811.353.1(072) ქ-27 53395 2018-12-17 53395 2018-12-17 წიგნი 0.80 ლ.
          ბათუმის შოთა რუსთაველის სახელმწიფო უნივერსიტეტის მთავარი ბიბლიოთეკა ბათუმის შოთა რუსთაველის სახელმწიფო უნივერსიტეტის მთავარი ბიბლიოთეკა წიგნსაცავი 2018-12-17 0.80 811.353.1(072) ქ-27 53396 2018-12-17 53396 2018-12-17 წიგნი 0.80 ლ.
          ბათუმის შოთა რუსთაველის სახელმწიფო უნივერსიტეტის მთავარი ბიბლიოთეკა ბათუმის შოთა რუსთაველის სახელმწიფო უნივერსიტეტის მთავარი ბიბლიოთეკა წიგნსაცავი 2018-12-17 0.80 811.353.1(072) ქ-27 53397 2018-12-17 53397 2018-12-17 წიგნი 0.80 ლ.
          ბათუმის შოთა რუსთაველის სახელმწიფო უნივერსიტეტის მთავარი ბიბლიოთეკა ბათუმის შოთა რუსთაველის სახელმწიფო უნივერსიტეტის მთავარი ბიბლიოთეკა წიგნსაცავი 2018-12-17 0.80 811.353.1(072) ქ-27 53398 2018-12-17 53398 2018-12-17 წიგნი 0.80 ლ.
          ბათუმის შოთა რუსთაველის სახელმწიფო უნივერსიტეტის მთავარი ბიბლიოთეკა ბათუმის შოთა რუსთაველის სახელმწიფო უნივერსიტეტის მთავარი ბიბლიოთეკა წიგნსაცავი 2018-12-17 0.80 811.353.1(072) ქ-27 53399 2018-12-17 53399 2018-12-17 წიგნი 0.80 ლ.